Dilapidations the modern law and practice (Record no. 100377)

MARC details
000 -LEADER
fixed length control field 00681cam a2200253 4500
008 - FIXED-LENGTH DATA ELEMENTS--GENERAL INFORMATION
fixed length control field 000000n2000 000 0 eng u
020 ## - INTERNATIONAL STANDARD BOOK NUMBER
International Standard Book Number 0421702400
035 ## - SYSTEM CONTROL NUMBER
System control number (Sirsi) u105385
050 ## - LIBRARY OF CONGRESS CALL NUMBER
Classification number 346.410434
100 ## - MAIN ENTRY--PERSONAL NAME
Personal name Dowding, Nicholas
245 ## - TITLE STATEMENT
Title Dilapidations the modern law and practice
250 ## - EDITION STATEMENT
Edition statement 2nd ed.
260 ## - PUBLICATION, DISTRIBUTION, ETC.
Place of publication, distribution, etc. London
Name of publisher, distributor, etc. Sweet & Maxwell
Date of publication, distribution, etc. 2000
300 ## - PHYSICAL DESCRIPTION
Extent lxxiv, 949p. ; 25cm.
350 ## - PRICE (NR) (BK AM CF MU VM SE) [OBSOLETE]
Price 155.00
520 ## - SUMMARY, ETC.
Summary, etc. Superseded by third edition (ISBN 0421882603).
650 ## - SUBJECT ADDED ENTRY--TOPICAL TERM
Topical term or geographic name entry element Dilapidations
9 (RLIN) 6235
650 ## - SUBJECT ADDED ENTRY--TOPICAL TERM
Topical term or geographic name entry element REPAIRING COVENANTS
650 ## - SUBJECT ADDED ENTRY--TOPICAL TERM
Topical term or geographic name entry element LEASES
650 ## - SUBJECT ADDED ENTRY--TOPICAL TERM
Topical term or geographic name entry element LAW
690 ## - LOCAL SUBJECT ADDED ENTRY--TOPICAL TERM (OCLC, RLIN)
Topical term or geographic name as entry element Dilapidations
9 (RLIN) 6235
700 ## - ADDED ENTRY--PERSONAL NAME
Personal name Reynolds, Kirk
942 ## - ADDED ENTRY ELEMENTS (KOHA)
Suppress in OPAC 0
Holdings
Withdrawn status Lost status Source of classification or shelving scheme Damaged status Not for loan Home library Current library Shelving location Date acquired Cost, normal purchase price Total Checkouts Full call number Barcode Date last seen Date last checked out Copy number Cost, replacement price Price effective from Koha item type
    Dewey Decimal Classification     London London Books 18/01/2001 155.00 1 SHELF 115 30064275 06/08/2019 31/08/2001 1 155.00 06/08/2019 Reference material
    Dewey Decimal Classification     London London Basement 30/01/2001 131.75 35 SHELF 115 30063319 06/08/2019 23/02/2005 2 131.75 06/08/2019 Book
    Dewey Decimal Classification     London London Basement 06/02/2006     SHELF 206 30071615 06/08/2019   1   06/08/2019 Book